Statistics for Random Cities on the Map by Letter - T

Click here to take the quiz!

General Stats

  • This quiz has been taken 526 times
  • The average score is 7 of 8

Answers on the Map

Answers color-coded by a green-red scale on the quiz's map according to % correct below.
 

Answer Stats

City% Correct
Tokyo
100%
Tehran
98%
Toronto
98%
Tunis
96%
Taipei
95%
Tashkent
90%
Tripoli
89%
Tirana
88%
Turin
88%
Tel Aviv
86%
Tbilisi
85%
Tampa
84%
Tijuana
84%
Thimphu
82%
Thessaloniki
80%
Tegucigalpa
76%
Tianjin
75%
Timbuktu
69%
The Hague
67%
Tucson
67%

Score Distribution

Percentile by Number Answered

Percent of People with Each Score

Your Score History

You have not taken this quiz